Normal view MARC view

Entry Topical Term

Number of records used in: 1

001 - CONTROL NUMBER

  • control field: 40476

003 - CONTROL NUMBER IDENTIFIER

  • control field: OSt

005 - DATE AND TIME OF LATEST TRANSACTION

  • control field: 20230913110109.0

008 - FIXED-LENGTH DATA ELEMENTS

  • fixed length control field: 230913|| aca||aabn | a|a d

040 ## - CATALOGING SOURCE

  • Original cataloging agency: OSt
  • Transcribing agency: OSt

150 ## - HEADING--TOPICAL TERM

  • Topical term or geographic name entry element: Public service motivation, Social construction, Medicaid, Target population, Deservingness.

670 ## - SOURCE DATA FOUND

  • Source citation: Work cat.: (OSt): Chattopadhyay, Jacqueline and Piatak, Jaclyn 40475, Do opinions of policy target population deservingness correlate to public service motivation? Insights from Medicaid

Powered by Koha